000 00784nam a2200205Ii 4500
003 JO-AjNU
008 230605s9999||||xx |||||||||||||| ||und||
040 _aJO-AjNU
_bara
_erda
_cJO-AjNU
041 _aara
050 1 4 _aDT95.5.I2754 2002
100 3 _aالصيرفي، علي بن داود الجوهري؛ تحقيق وتقديم حبشي، حسن,
_eauthor
_938243
245 0 0 _aإنباء الهصر بأنباء العصر
250 _aط2
264 3 1 _aالقاهرة: الهيئة المصرية العامة للكتاب، 2002
300 _a520ص
_bيشتمل على فهارس الاعلام
336 _atext
_btxt
_2rdacontent
337 _aunmediated
_bn
_2rdamedia
338 _avolume
_bnc
_2rdacarrier
650 4 _aمصر -تاريخ 873-886 -تاريخ
_938244
999 _aA16051
_c19619
_d19619